[Event "SR 2. liga A 2006/2007"]
[Site "?"]
[Date "2007.01.13"]
[Round "7"]
[White "Goga, Frantisek"]
[Black "Vimmer, Michal"]
[Result "1/2-1/2"]
[WhiteElo "2011"]
[BlackElo "1985"]
[PlyCount "53"]
[EventDate "2006.??.??"]

{96MB, Fritz8.ctg, MITULIAK-C350F7} 1. e4 c5 2. Nf3 Nc6 3. Bb5 a6 4. Bxc6 dxc6
5. h3 Nf6 6. Qe2 g6 7. O-O Bg7 8. d3 O-O 9. Be3 b6 10. c3 Qc7 11. a4 a5 12. Na3
Ba6 13. Qc2 e5 14. Rfd1 Rfe8 15. Rab1 Rad8 16. b4 cxb4 17. cxb4 axb4 18. Rxb4
c5 19. Nb5 Qd7 20. Rbb1 Re6 21. Ne1 Ne8 22. Qb3 Bxb5 23. Qxb5 Qa7 24. Rd2 Nc7
25. Qb3 Ra8 26. Ra2 Bf8 27. Rba1 1/2-1/2

[Event "SR 2. liga A 2006/2007"]
[Site "?"]
[Date "2007.01.13"]
[Round "7"]
[White "Hricak, Vasil"]
[Black "Polacik, Igor"]
[Result "1/2-1/2"]
[WhiteElo "2091"]
[BlackElo "2043"]
[PlyCount "21"]
[EventDate "2006.??.??"]

{96MB, Fritz8.ctg, MITULIAK-C350F7} 1. e4 c5 2. Nf3 Nc6 3. d4 cxd4 4. Nxd4 Nf6
5. Nc3 e5 6. Ndb5 d6 7. Bg5 a6 8. Bxf6 gxf6 9. Na3 b5 10. Nd5 Bg7 11. c3
1/2-1/2

[Event "SR 2. liga A 2006/2007"]
[Site "?"]
[Date "2007.01.13"]
[Round "7"]
[White "Machalova, Erika"]
[Black "Eged, Igor"]
[Result "1/2-1/2"]
[WhiteElo "2106"]
[BlackElo "2099"]
[PlyCount "50"]
[EventDate "2006.??.??"]

{96MB, Fritz8.ctg, MITULIAK-C350F7} 1. d4 Nf6 2. c4 e6 3. Nc3 d5 4. Bg5 Be7 5.
e3 O-O 6. Nf3 Nbd7 7. Qc2 h6 8. Bh4 c6 9. Bd3 dxc4 10. Bxc4 b5 11. Bd3 Bb7 12.
O-O a6 13. Rfd1 Rc8 14. Qe2 Nd5 15. Bg3 Nxc3 16. bxc3 Qa5 17. c4 bxc4 18. Bxc4
c5 19. dxc5 Nxc5 20. Nd4 Rfd8 21. Nb3 Qa4 22. Rxd8+ Rxd8 23. Be5 Ne4 24. Nd4
Bf6 25. Bxf6 Nxf6 1/2-1/2

[Event "SR 2. liga A 2006/2007"]
[Site "?"]
[Date "2007.01.13"]
[Round "7"]
[White "Smolen, Jan"]
[Black "Bednar, Jan"]
[Result "1-0"]
[WhiteElo "2327"]
[BlackElo "2176"]
[PlyCount "85"]
[EventDate "2006.??.??"]

{96MB, Fritz8.ctg, MITULIAK-C350F7} 1. d4 Nf6 2. c4 g6 3. Nc3 Bg7 4. e4 d6 5.
Nf3 O-O 6. Be2 e5 7. Be3 Ng4 8. Bg5 f6 9. Bh4 Nh6 10. dxe5 dxe5 11. Qxd8 Rxd8
12. Nd5 g5 13. Nxc7 gxh4 14. Nxa8 Na6 15. c5 Nxc5 16. Nc7 h3 17. O-O Nxe4 18.
Rfd1 Rf8 19. Bc4+ Kh8 20. Bd5 Nc5 21. Rac1 b6 22. b4 Na4 23. Bb3 Nb2 24. Rd2 e4
25. Rxb2 exf3 26. gxf3 Nf5 27. Ne6 Bxe6 28. Bxe6 Nd4 29. Bxh3 f5 30. Kh1 Be5
31. Bg2 Kg7 32. Rd1 Rd8 33. Rbd2 Kg6 34. f4 Bf6 35. Bf1 Kh5 36. Be2+ Kh4 37.
Rd3 h5 38. Kg2 Rg8+ 39. Rg3 Rg7 40. Rd2 Ne6 41. Kf3 Nd4+ 42. Rxd4 Bxd4 43. Bf1
1-0

[Event "SR 2. liga A 2006/2007"]
[Site "?"]
[Date "2007.01.13"]
[Round "7.1"]
[White "Gasa, Andrej"]
[Black "Puchart, Vladimir"]
[Result "1/2-1/2"]
[WhiteElo "2199"]
[BlackElo "2076"]
[PlyCount "67"]
[EventDate "2006.??.??"]

1. e4 c5 2. Nf3 d6 3. d4 cxd4 4. Nxd4 Nf6 5. Nc3 a6 6. Bg5 Nbd7 7. f4 Qc7 8.
Qf3 g6 9. O-O-O Bg7 10. h3 b5 11. Bxf6 Nxf6 12. g4 Bb7 13. Bg2 Rc8 14. Qf2 Nd7
15. Nd5 Qc5 16. Rd2 e6 17. Nc3 O-O 18. Rf1 Nb6 19. Nd1 b4 20. Nb3 Qxf2 21.
Rdxf2 Nc4 22. Re1 a5 23. Nd2 a4 24. Bf1 d5 25. Nxc4 dxc4 26. c3 bxc3 27. bxc3
a3 28. e5 Rfd8 29. Ne3 g5 30. Nc2 gxf4 31. Nxa3 Bd5 32. h4 Rc5 33. Rxf4 Ra8 34.
Nxc4 1/2-1/2

[Event "SR 2. liga A 2006/2007"]
[Site "?"]
[Date "2006.12.17"]
[Round "7.1"]
[White "Petrik, Stanislav"]
[Black "Eged, Igor"]
[Result "1-0"]
[WhiteElo "2202"]
[BlackElo "2103"]
[PlyCount "68"]
[EventDate "2006.??.??"]

1. e4 e6 2. d4 d5 3. e5 c5 4. c3 Qb6 5. Nf3 Bd7 6. Be2 Bb5 7. O-O Bxe2 8. Qxe2
cxd4 9. cxd4 Nc6 10. Nc3 Nge7 11. Qb5 Nc8 12. a3 a6 13. Qa4 Qa7 14. Ne2 b5 15.
Qc2 Qb7 16. Bd2 Nb6 17. Rfc1 Rc8 18. Qd3 Be7 19. b3 h6 20. h3 Nd7 21. Nh2 Nf8
22. a4 b4 23. Rc2 Na7 24. Rac1 Rxc2 25. Qxc2 Kd7 26. Nf4 Nc6 27. Nf3 g6 28. Nd3
Nd8 29. Nc5+ Bxc5 30. Qxc5 Ke8 31. Bxb4 f5 32. exf6 Nh7 33. Qe7+ Qxe7 34. fxe7
Nf7 1-0

[Event "SR 2. liga A 2006/2007"]
[Site "?"]
[Date "2007.01.13"]
[Round "7.1"]
[White "Tibensky, Robert"]
[Black "Tepper, Frantisek"]
[Result "1-0"]
[WhiteElo "2422"]
[BlackElo "2171"]
[Annotator "Karol,Pospichal"]
[PlyCount "57"]
[EventDate "2006.??.??"]
[TimeControl "240+2"]

{89MB, Fritz8.ctg, KAIKO} 1. d4 Nf6 2. c4 c5 3. Nf3 cxd4 4. Nxd4 e5 5. Nb5 d5
6. cxd5 Bc5 7. N5c3 O-O 8. h3 e4 9. g4 e3 10. Bxe3 Bxe3 11. fxe3 Qd6 12. Qd4
Qg3+ 13. Kd2 Rd8 14. Qf4 Qxf4 15. exf4 Nxd5 16. Nxd5 Rxd5+ 17. Ke1 Rb5 18. b3
Nc6 19. Nc3 Rc5 20. Ne4 Ra5 21. Bg2 Nb4 22. Kf2 Be6 23. Nd6 Rxa2 24. f5 Bxb3
25. Rab1 Nd3+ 26. Kg3 Nb2 27. Rhc1 a5 28. Nb5 Ba4 29. Bd5 1-0

[Event "SR 2. liga A 2006/2007"]
[Site "?"]
[Date "2007.01.13"]
[Round "7.2"]
[White "Biro, Karol"]
[Black "Maslik, Miroslav"]
[Result "1-0"]
[WhiteElo "2191"]
[BlackElo "2273"]
[Annotator "Karol,Pospichal"]
[PlyCount "123"]
[EventDate "2006.??.??"]
[TimeControl "240+2"]

{89MB, Fritz8.ctg, KAIKO} 1. e4 c5 2. c3 Nf6 3. e5 Nd5 4. d4 cxd4 5. Qxd4 e6 6.
Nf3 b6 7. Be2 Bb7 8. c4 Nb4 9. Na3 d6 10. exd6 Qxd6 11. Qxd6 Bxd6 12. Bd2 a6
13. O-O N8c6 14. Rfc1 O-O 15. Nb1 Ne7 16. a3 Nbc6 17. b4 Nf5 18. Nc3 Ncd4 19.
Nxd4 Nxd4 20. Bd1 Rad8 21. Be3 Bc7 22. Na4 f5 23. c5 b5 24. c6 Bc8 25. Nc5 Nxc6
26. Bg5 Be5 27. Rab1 Rd6 28. Nb3 h6 29. Be3 Nd4 30. Rc5 Bf6 31. Rbc1 Bb7 32.
Rc7 Nxb3 33. Bxb3 Be4 34. Bc5 Rfd8 35. Bxd6 Rxd6 36. f3 Bd3 37. R7c6 Rd8 38.
Rc8 Kf7 39. R1c7+ Kg6 40. Rxd8 Bxd8 41. Rc6 Bf6 42. Rxe6 f4 43. g3 Kf5 44. Rxa6
Ke5 45. Kg2 Kd4 46. Rc6 Bc4 47. Bxc4 bxc4 48. a4 c3 49. a5 Kd3 50. b5 c2 51. b6
Bd4 52. gxf4 Kd2 53. Kh3 c1=Q 54. Rxc1 Kxc1 55. Kg4 Kd2 56. h4 Kd3 57. h5 Ke3
58. b7 Ba7 59. a6 Bb8 60. Kf5 Kxf3 61. Ke6 Kxf4 62. Kd7 1-0

[Event "SR 2. liga A 2006/2007"]
[Site "?"]
[Date "2007.01.13"]
[Round "7.2"]
[White "Krajnak, Robert"]
[Black "Ruckschloss, Karol"]
[Result "0-1"]
[WhiteElo "2106"]
[BlackElo "2281"]
[PlyCount "72"]
[EventDate "2006.??.??"]

1. c4 e5 2. Nc3 Nc6 3. g3 f5 4. Bg2 Nf6 5. e3 g6 6. Nge2 Bg7 7. d3 d6 8. Rb1
O-O 9. b4 Re8 10. O-O Ne7 11. Nd5 c6 12. Nxe7+ Qxe7 13. b5 d5 14. bxc6 bxc6 15.
Qa4 Be6 16. Ba3 Qf7 17. cxd5 cxd5 18. d4 Ne4 19. Rb2 Rac8 20. dxe5 Bxe5 21. Nd4
Rc4 22. Qa6 Bc8 23. Qa5 Bd7 24. Bb4 Rb8 25. Rfb1 Be8 26. Be1 Rxb2 27. Rxb2 Rc1
28. Rc2 Rb1 29. Nf3 Bd6 30. h4 Bb4 31. Qxb4 Rxb4 32. Bxb4 Qb7 33. Be1 Bb5 34.
Ba5 Bc4 35. Ne1 Qb5 36. Bxe4 Qxa5 0-1

[Event "SR 2. liga A 2006/2007"]
[Site "?"]
[Date "2006.12.17"]
[Round "7.2"]
[White "Samko, Karol"]
[Black "Gazi, Mikulas"]
[Result "1/2-1/2"]
[WhiteElo "2081"]
[BlackElo "2202"]
[PlyCount "33"]
[EventDate "2006.??.??"]

1. e4 c5 2. Nf3 d6 3. Bb5+ Nc6 4. O-O Bd7 5. Nc3 Nf6 6. Re1 e5 7. d3 Be7 8. Bg5
O-O 9. Bxf6 Bxf6 10. Nd5 a6 11. Bxc6 Bxc6 12. c4 b5 13. b3 Bxd5 14. cxd5 g6 15.
Qd2 a5 16. a3 Qb6 17. Rab1 1/2-1/2

[Event "SR 2. liga A 2006/2007"]
[Site "?"]
[Date "2007.01.13"]
[Round "7.2"]
[White "Stetina, Erik"]
[Black "Polasek, Filip"]
[Result "0-1"]
[WhiteElo "2100"]
[BlackElo "2094"]
[PlyCount "54"]
[EventDate "2006.??.??"]

1. e4 e5 2. Bc4 Nc6 3. Nc3 Nf6 4. Nge2 Be7 5. d3 O-O 6. O-O d6 7. f4 Bg4 8. f5
d5 9. exd5 Nd4 10. Kh1 Bb4 11. h3 Bh5 12. Bg5 Bxc3 13. g4 Bxg4 14. hxg4 Nxe2
15. Qxe2 Bxb2 16. Rab1 Bd4 17. Rf3 Qd6 18. Qg2 Rae8 19. Rbf1 e4 20. dxe4 Rxe4
21. Bf4 Be5 22. g5 Nh5 23. Bxe5 Qxe5 24. Bd3 Rh4+ 25. Kg1 Re8 26. c4 Nf4 27. g6
Nxg2 0-1

[Event "SR 2. liga A 2006/2007"]
[Site "?"]
[Date "2007.01.13"]
[Round "7.3"]
[White "Hartl, Jan"]
[Black "Fabry, Robert"]
[Result "1/2-1/2"]
[WhiteElo "2158"]
[BlackElo "2206"]
[Annotator "Karol,Pospichal"]
[PlyCount "100"]
[EventDate "2006.??.??"]
[TimeControl "240+2"]

{89MB, Fritz8.ctg, KAIKO} 1. e4 e5 2. Nf3 Nc6 3. d4 exd4 4. Nxd4 Nf6 5. Nc3 Bb4
6. Nxc6 bxc6 7. Bd3 d5 8. exd5 cxd5 9. O-O O-O 10. Ne2 Ng4 11. Bf4 Bd6 12. c3
Bxf4 13. Nxf4 Qd6 14. g3 Nf6 15. Re1 Rb8 16. b3 Qc5 17. Rc1 Bg4 18. Be2 Bxe2
19. Rxe2 Rbd8 20. Qd4 Qa5 21. b4 Qb5 22. Re7 Qa4 23. Rxc7 Qxa2 24. Rxa7 Qb3 25.
Re1 Rc8 26. Re3 Rc4 27. Qd2 Ng4 28. Re1 d4 29. cxd4 Rc2 30. Qd3 Qxb4 31. Qxc2
Qxe1+ 32. Kg2 Re8 33. h3 Nf6 34. Qc6 h6 35. Ra8 Rxa8 36. Qxa8+ Kh7 37. Qf3 Qc1
38. Qd3+ Kg8 39. d5 Nd7 40. Qf5 Qc7 41. h4 Qd6 42. h5 Nb6 43. Qe4 Kf8 44. Qf5
Ke7 45. g4 Qf6 46. Qe4+ Kd6 47. Kg3 Qc3+ 48. Kg2 Qd2 49. Nd3 Nxd5 50. Qd4 Qc3
1/2-1/2

[Event "SR 2. liga A 2006/2007"]
[Site "?"]
[Date "2007.01.13"]
[Round "7.3"]
[White "Hecko, Dusan"]
[Black "Sturdik, Igor"]
[Result "1-0"]
[WhiteElo "2142"]
[BlackElo "2056"]
[PlyCount "89"]
[EventDate "2006.??.??"]

1. c4 Nf6 2. Nc3 g6 3. Nf3 Bg7 4. g3 O-O 5. Bg2 d6 6. O-O Nbd7 7. Rb1 a5 8. d3
e5 9. a3 Re8 10. b4 axb4 11. axb4 e4 12. Nd2 exd3 13. exd3 Nb6 14. Bb2 c6 15.
b5 d5 16. bxc6 bxc6 17. cxd5 Nbxd5 18. Nce4 Ba6 19. Nxf6+ Bxf6 20. Ne4 Bxb2 21.
Rxb2 Rb8 22. Rxb8 Qxb8 23. Nc5 Bb5 24. Re1 Rxe1+ 25. Qxe1 Qd6 26. d4 Nf6 27.
Qe5 Qxe5 28. dxe5 Ne8 29. Nb3 Nc7 30. f4 Kf8 31. Kf2 Ke7 32. Ke3 f6 33. exf6+
Kxf6 34. Be4 Ne6 35. Nd4 Nxd4 36. Kxd4 h6 37. h4 g5 38. fxg5+ hxg5 39. h5 Kg7
40. Kc5 Kh6 41. Bf3 Ba4 42. Be2 Bb5 43. Bxb5 Kxh5 44. Be2+ g4 45. Kxc6 1-0

[Event "SR 2. liga A 2006/2007"]
[Site "?"]
[Date "2006.12.17"]
[Round "7.3"]
[White "Krajnak, Robert"]
[Black "Adamcik, Tomas"]
[Result "1-0"]
[WhiteElo "2116"]
[BlackElo "1968"]
[PlyCount "39"]
[EventDate "2006.??.??"]

1. c4 d5 2. cxd5 Qxd5 3. Nc3 Qa5 4. g3 Nf6 5. Bg2 c6 6. Nf3 e5 7. O-O Bd6 8. d4
exd4 9. Nxd4 O-O 10. Nxc6 bxc6 11. Qxd6 Rd8 12. Qf4 Ba6 13. Qh4 Qb6 14. Bg5 Rd6
15. Ne4 Nxe4 16. Bxe4 h6 17. Rad1 Rd7 18. Bxh6 f6 19. Rxd7 Nxd7 20. Qg4 1-0

[Event "SR 2. liga A 2006/2007"]
[Site "?"]
[Date "2007.01.13"]
[Round "7.4"]
[White "Janos, Jozef"]
[Black "Janos, Ivan"]
[Result "1/2-1/2"]
[WhiteElo "2235"]
[BlackElo "2138"]
[Annotator "Karol,Pospichal"]
[PlyCount "115"]
[EventDate "2006.??.??"]
[TimeControl "240+2"]

{89MB, Fritz8.ctg, KAIKO} 1. d4 Nf6 2. Nf3 e6 3. c4 b6 4. Nc3 Bb4 5. e3 Bb7 6.
Be2 O-O 7. O-O d5 8. a3 Be7 9. b3 Nbd7 10. Bb2 c5 11. Ne5 dxc4 12. Nxc4 Nd5 13.
Bf3 cxd4 14. exd4 N7f6 15. Re1 Rc8 16. Ne2 b5 17. Ne5 Qb6 18. Qd2 Rc7 19. Rec1
Rfc8 20. Rxc7 Rxc7 21. Rc1 h6 22. h3 Nd7 23. Rxc7 Qxc7 24. Nxd7 Qxd7 25. Qd3
Qc8 26. g3 a6 27. Bg2 Qf8 28. a4 Nb4 29. Qd1 Bxg2 30. Kxg2 Qa8+ 31. Kg1 bxa4
32. bxa4 Qf3 33. Nc3 Qxd1+ 34. Nxd1 Bf6 35. Ne3 Nc6 36. Nc2 Kf8 37. Kf1 Ke7 38.
Ke2 Kd6 39. Kd3 Kd7 40. Kc4 Ne7 41. Ne3 Kc6 42. Bc3 Nc8 43. Ba5 Nd6+ 44. Kd3 h5
45. Bb4 Nc8 46. Ba5 Be7 47. f4 g6 48. g4 Bd6 49. Ke4 f5+ 50. Kf3 Ne7 51. Bd2
Bc7 52. Ng2 hxg4+ 53. hxg4 Kd5 54. Bb4 Nc6 55. Bc5 fxg4+ 56. Kxg4 Bd8 57. Ne3+
Ke4 58. Nc4 1/2-1/2

[Event "SR 2. liga A 2006/2007"]
[Site "?"]
[Date "2006.12.17"]
[Round "7.4"]
[White "Lukac, Peter"]
[Black "Raczko, Peter"]
[Result "0-1"]
[WhiteElo "1852"]
[BlackElo "2028"]
[PlyCount "48"]
[EventDate "2006.??.??"]

1. d4 d5 2. c4 e6 3. Nc3 Nf6 4. Bg5 Be7 5. Nf3 Nbd7 6. cxd5 exd5 7. e3 O-O 8.
Be2 c6 9. O-O Re8 10. Rc1 Ne4 11. Bxe7 Rxe7 12. Nxe4 dxe4 13. Nd2 Nf6 14. Nc4
Be6 15. Ne5 Bxa2 16. b3 Qb6 17. Bc4 Nd5 18. Bxd5 cxd5 19. Qc2 Bxb3 20. Qb2 f6
21. Rc3 Ba4 22. Qxb6 axb6 23. Ng4 h5 24. Ra1 hxg4 0-1

[Event "SR 2. liga A 2006/2007"]
[Site "?"]
[Date "2007.01.13"]
[Round "7.4"]
[White "Mosny, Jaroslav"]
[Black "Pagerka, Martin"]
[Result "0-1"]
[WhiteElo "2054"]
[BlackElo "1999"]
[PlyCount "74"]
[EventDate "2006.??.??"]

1. d4 d5 2. Nf3 c5 3. e3 Nc6 4. Be2 Nf6 5. O-O Bf5 6. b3 e6 7. Bb2 Rc8 8. c4
dxc4 9. Bxc4 Be7 10. dxc5 Bxc5 11. Nc3 O-O 12. Qxd8 Rfxd8 13. Rfd1 a6 14. Rxd8+
Rxd8 15. Rd1 Rxd1+ 16. Nxd1 b5 17. Be2 Nd5 18. Nc3 Nxc3 19. Bxc3 Bb1 20. a4 b4
21. Bd4 Bxd4 22. Nxd4 Na5 23. Bxa6 e5 24. Nf3 Bc2 25. Bc4 Nxc4 26. bxc4 b3 27.
Nd2 b2 28. Kf1 b1=Q+ 29. Nxb1 Bxb1 30. Ke2 Be4 31. Kd2 Kf8 32. Kc3 Ke7 33. Kb4
Kd6 34. Kb5 Bc6+ 35. Kb4 Bxg2 36. a5 Kc6 37. a6 Kb6 0-1

[Event "SR 2. liga A 2006/2007"]
[Site "?"]
[Date "2007.01.13"]
[Round "7.4"]
[White "Novak, Stanislav"]
[Black "Djubek, Boris"]
[Result "1/2-1/2"]
[WhiteElo "2017"]
[BlackElo "2174"]
[PlyCount "87"]
[EventDate "2006.??.??"]

1. e4 e5 2. Nf3 Nc6 3. Bb5 a6 4. Ba4 Nf6 5. d3 d6 6. c3 Be7 7. Nbd2 Bd7 8. O-O
O-O 9. Re1 Na5 10. Bc2 c5 11. Nf1 Re8 12. Ng3 g6 13. h3 Bf8 14. Nh2 Bg7 15. f4
exf4 16. Bxf4 Be6 17. Qf3 Nc6 18. Bb3 Ne5 19. Qe3 c4 20. dxc4 Nxc4 21. Qe2 b5
22. Nf3 Nd7 23. Rad1 Qb6+ 24. Kh2 Nde5 25. Nd4 Rac8 26. Nxe6 fxe6 27. Nf1 Rc7
28. Ne3 Rf7 29. Bg3 Qc6 30. Nc2 Qc7 31. Nd4 Qe7 32. Rf1 Ref8 33. a4 Rxf1 34.
Rxf1 Rxf1 35. Qxf1 Nd2 36. Qd1 Nxb3 37. Qxb3 bxa4 38. Qxa4 h5 39. Qa2 h4 40.
Bf2 Nd3 41. Be3 Be5+ 42. Kg1 Bf4 43. Bxf4 Nxf4 44. Qa5 1/2-1/2

[Event "SR 2. liga A 2006/2007"]
[Site "?"]
[Date "2007.01.13"]
[Round "7.5"]
[White "Diviak, Rastislav"]
[Black "Vagovsky, Jozef"]
[Result "1-0"]
[WhiteElo "1958"]
[BlackElo "2034"]
[PlyCount "91"]
[EventDate "2006.??.??"]

1. e4 e6 2. d4 d5 3. Nd2 dxe4 4. Nxe4 Nd7 5. Nf3 Ngf6 6. Nxf6+ Nxf6 7. Bd3 Be7
8. O-O O-O 9. Bg5 h6 10. Bh4 c5 11. c3 Qc7 12. Ne5 Bd7 13. Re1 cxd4 14. cxd4
Rad8 15. Rc1 Qb8 16. Bb1 Be8 17. Qd3 g6 18. Qe3 Kg7 19. Bg3 Bd6 20. Qf3 Bb5 21.
Bh4 Be7 22. Rc5 Rd5 23. Bxf6+ Bxf6 24. Rxd5 exd5 25. Qxd5 Bxe5 26. dxe5 Bc6 27.
Qd4 Rd8 28. Qf4 Qc7 29. Qf6+ Kg8 30. e6 Re8 31. exf7+ Qxf7 32. Rxe8+ Bxe8 33.
Qxf7+ Bxf7 34. a3 Kf8 35. Be4 b6 36. Kf1 Ke7 37. Ke2 Kd6 38. Kd3 Kc5 39. Kc3
Kd6 40. Kd4 Be8 41. f4 Bf7 42. g4 Be8 43. h4 a5 44. f5 g5 45. hxg5 hxg5 46. Bd5
1-0

[Event "SR 2. liga A 2006/2007"]
[Site "?"]
[Date "2007.01.13"]
[Round "7.5"]
[White "Michal, Silvio"]
[Black "Mikulas, Dusan"]
[Result "1/2-1/2"]
[WhiteElo "2116"]
[BlackElo "2167"]
[Annotator "Karol,Pospichal"]
[PlyCount "58"]
[EventDate "2006.??.??"]
[TimeControl "240+2"]

{89MB, Fritz8.ctg, KAIKO} 1. Nf3 d5 2. d4 Nf6 3. c4 e6 4. Bg5 Nbd7 5. e3 Be7 6.
Nc3 c6 7. a3 O-O 8. Rc1 a6 9. cxd5 exd5 10. Bd3 Ne4 11. Bxe7 Qxe7 12. O-O f5
13. Nd2 Rf6 14. Re1 Re6 15. Bb1 Ndf6 16. f3 Nd6 17. e4 fxe4 18. fxe4 Nb5 19.
Nxb5 axb5 20. e5 Ne8 21. Rc3 Rh6 22. Rf1 Be6 23. Qe1 Nc7 24. Rcf3 b4 25. axb4
Qxb4 26. Qf2 Nb5 27. Rf4 b6 28. Nf3 Qe7 29. Nh4 c5 1/2-1/2

[Event "SR 2. liga A 2006/2007"]
[Site "?"]
[Date "2006.12.17"]
[Round "7.5"]
[White "Novak, Stanislav"]
[Black "Balog, Lubos"]
[Result "1-0"]
[WhiteElo "2017"]
[BlackElo "1546"]
[PlyCount "95"]
[EventDate "2006.??.??"]

1. e4 e5 2. Nf3 Nc6 3. Bb5 d6 4. d3 Bd7 5. c3 Nf6 6. O-O Be7 7. Re1 O-O 8. Ba4
a6 9. Nbd2 b5 10. Bb3 Na5 11. Bc2 c5 12. Nf1 Qb6 13. Ng3 Ng4 14. h3 Nf6 15. Nh2
Qc7 16. f4 Rad8 17. Qf3 Bc6 18. fxe5 dxe5 19. Nf5 Ne8 20. Qg3 Kh8 21. Ng4 f6
22. d4 cxd4 23. cxd4 exd4 24. Qxc7 Nxc7 25. Nxe7 Rfe8 26. Nxc6 Nxc6 27. Bd2 Ne5
28. Nxe5 fxe5 29. Ba5 Rc8 30. Bxc7 Rxc7 31. Bb3 Rd8 32. Rac1 Rxc1 33. Rxc1 d3
34. Bd5 h5 35. Rd1 Kh7 36. Rxd3 g5 37. Rc3 Rd6 38. b4 h4 39. Rc6 Rxc6 40. Bxc6
Kg6 41. Bb7 g4 42. Bxa6 Kg5 43. Bxb5 g3 44. a4 Kf4 45. a5 Kxe4 46. a6 Kd4 47.
a7 e4 48. a8=Q 1-0

[Event "SR 2. liga A 2006/2007"]
[Site "?"]
[Date "2007.01.13"]
[Round "7.5"]
[White "Sturc, Gustav"]
[Black "Susko, Peter"]
[Result "1/2-1/2"]
[WhiteElo "2164"]
[BlackElo "1966"]
[PlyCount "56"]
[EventDate "2006.??.??"]

1. e4 c5 2. c3 Nf6 3. e5 Nd5 4. d4 cxd4 5. Nf3 e6 6. cxd4 Nc6 7. Bc4 Bb4+ 8.
Bd2 Qa5 9. O-O O-O 10. a3 Bxd2 11. Nbxd2 Nde7 12. Bd3 f6 13. b4 Qd8 14. b5 Na5
15. Ne4 b6 16. Nd6 Bb7 17. Rc1 Bd5 18. Rc3 Nb7 19. Qc2 f5 20. Nxb7 Bxb7 21. Bc4
Be4 22. Qb3 Nd5 23. Rcc1 Qe7 24. Nd2 Nf4 25. Nxe4 fxe4 26. Rce1 Rac8 27. Rxe4
Rxc4 28. Rxf4 Rfc8 1/2-1/2

[Event "SR 2. liga A 2006/2007"]
[Site "?"]
[Date "2007.02.07"]
[Round "7.6"]
[White "Chripko, Lubomir"]
[Black "Susko, Peter"]
[Result "0-1"]
[WhiteElo "1350"]
[BlackElo "1944"]
[PlyCount "77"]
[EventDate "2006.??.??"]

1. e4 c5 2. Nf3 d6 3. d4 cxd4 4. Nxd4 Nf6 5. Nc3 a6 6. Bg5 e6 7. Be2 Be7 8. O-O
b5 9. a3 Bb7 10. Bd3 Nbd7 11. Be3 O-O 12. f4 Rc8 13. Qd2 Ng4 14. Rae1 Nxe3 15.
Rxe3 Qb6 16. Be2 Bf6 17. Rd3 e5 18. Bg4 Rcd8 19. Bxd7 Rxd7 20. fxe5 dxe5 21.
Rxf6 Qxf6 22. Nf3 Rxd3 23. cxd3 Qd6 24. b4 Rd8 25. Ne1 Qd4+ 26. Kf1 f6 27. h3
Bxe4 28. Nxe4 Qxe4 29. Qc3 Qd4 30. Qc7 Qd6 31. Qc3 Kf7 32. Qd2 h5 33. g4 hxg4
34. hxg4 e4 35. Qf2 Kg8 36. dxe4 Rf8 37. Nf3 Qd3+ 38. Kg2 Qxe4 39. Kg3 0-1

[Event "SR 2. liga A 2006/2007"]
[Site "?"]
[Date "2007.01.13"]
[Round "7.6"]
[White "Jelenciak, Jozef"]
[Black "Oprea, Erik"]
[Result "0-1"]
[WhiteElo "1946"]
[BlackElo "2138"]
[PlyCount "40"]
[EventDate "2006.??.??"]

1. e4 d5 2. exd5 Qxd5 3. Nc3 Qa5 4. Nf3 e5 5. Be2 Nf6 6. O-O e4 7. Nd4 Qe5 8.
Nb3 Bd6 9. g3 Nc6 10. d3 Bh3 11. Re1 O-O-O 12. Nxe4 Nxe4 13. dxe4 Bb4 14. Nd2
h5 15. c3 Bc5 16. Qc2 Bxf2+ 17. Kxf2 Qc5+ 18. Kf3 Ne5+ 19. Kf4 g5+ 20. Kxg5
Nf3+ 0-1

[Event "SR 2. liga A 2006/2007"]
[Site "?"]
[Date "2007.01.13"]
[Round "7.6"]
[White "Kolman, Richard"]
[Black "Syrovy, Ivan"]
[Result "1-0"]
[WhiteElo "2110"]
[BlackElo "2091"]
[Annotator "Karol,Pospichal"]
[PlyCount "29"]
[EventDate "2006.??.??"]
[TimeControl "240+2"]

{89MB, Fritz8.ctg, KAIKO} 1. d4 d6 2. Nf3 Nd7 3. Bf4 Ngf6 4. e3 c6 5. c3 g6 6.
Bc4 Nb6 7. Bb3 Bg7 8. O-O O-O 9. Nbd2 Nh5 10. Bg5 Qc7 11. h3 e5 12. dxe5 dxe5
13. Ne4 Nd7 14. Be7 Re8 15. Bd6 1-0

[Event "SR 2. liga A 2006/2007"]
[Site "?"]
[Date "2007.01.13"]
[Round "7.6"]
[White "Krist, Milan"]
[Black "Blazkova, Barbora"]
[Result "1-0"]
[WhiteElo "2039"]
[BlackElo "1957"]
[PlyCount "85"]
[EventDate "2006.??.??"]

1. d4 Nf6 2. c4 g6 3. Nc3 Bg7 4. e4 d6 5. Nf3 O-O 6. Bd3 Nbd7 7. O-O c6 8. h3
Qc7 9. Be3 e5 10. d5 a6 11. Rc1 c5 12. a3 Nh5 13. Qd2 f5 14. Bh6 f4 15. Bxg7
Nxg7 16. Be2 Nf6 17. b4 b6 18. bxc5 bxc5 19. Rb1 Qe7 20. Qb2 Nfe8 21. Qb6 Nf6
22. Qc6 Bd7 23. Qc7 Rfc8 24. Qa5 Qd8 25. Qxd8+ Rxd8 26. Rb6 Bc8 27. Nxe5 Nxe4
28. Nxe4 dxe5 29. Rfb1 Bf5 30. f3 Nh5 31. Bd3 Bxe4 32. Bxe4 Ng3 33. Kf2 Nf5 34.
Bxf5 gxf5 35. g3 fxg3+ 36. Kxg3 Rd7 37. Rb7 Rg7+ 38. Rxg7+ Kxg7 39. Rb6 Ra7 40.
d6 e4 41. fxe4 fxe4 42. Rc6 Kf8 43. Rc8+ 1-0

[Event "SR 2. liga A 2006/2007"]
[Site "?"]
[Date "2007.01.13"]
[Round "7.7"]
[White "Hudec, Jan"]
[Black "Ulehla, Dag"]
[Result "1/2-1/2"]
[WhiteElo "2047"]
[BlackElo "1930"]
[PlyCount "86"]
[EventDate "2006.??.??"]

1. d4 d5 2. c4 e6 3. Nc3 Nf6 4. Bg5 Nbd7 5. e3 Be7 6. Nf3 O-O 7. Rc1 c6 8. Bd3
dxc4 9. Bxc4 Nd5 10. Bxe7 Qxe7 11. O-O Nxc3 12. Rxc3 e5 13. dxe5 Nxe5 14. Nxe5
Qxe5 15. f4 Qe4 16. Qe2 Bd7 17. Bd3 Qe7 18. e4 b6 19. Rd1 Rad8 20. Bc2 c5 21.
e5 Bc8 22. Rxd8 Rxd8 23. f5 Qg5 24. Rd3 Bb7 25. Rxd8+ Qxd8 26. e6 Qe7 27. Qe5
Bc6 28. Bb3 fxe6 29. fxe6 Kf8 30. Qb8+ Be8 31. Qf4+ Qf6 32. Qd6+ Qe7 33. Qd3
Bg6 34. Qd5 Be8 35. Qf5+ Kg8 36. Qd5 Kf8 37. Qf3+ Qf6 38. e7+ Kxe7 39. Qe4+ Kf8
40. Qxh7 Qd4+ 41. Kh1 Qxb2 42. Qg8+ Ke7 43. Qe6+ Kf8 1/2-1/2

[Event "SR 2. liga A 2006/2007"]
[Site "?"]
[Date "2007.01.13"]
[Round "7.7"]
[White "Pericka, Tomas"]
[Black "Puskas, Miroslav"]
[Result "1-0"]
[WhiteElo "1913"]
[BlackElo "2025"]
[PlyCount "87"]
[EventDate "2006.??.??"]

1. e4 c5 2. Nf3 Nc6 3. d4 cxd4 4. Nxd4 Nf6 5. Nc3 a6 6. Be3 e5 7. Nf3 d6 8. Bc4
Bg4 9. h3 Bh5 10. Nd5 Nxd5 11. Bxd5 Be7 12. g4 Bg6 13. Qd2 Qd7 14. O-O-O h5 15.
Bb6 Bd8 16. Bxd8 Rxd8 17. Nh4 Ne7 18. Nxg6 Nxg6 19. Qg5 b6 20. gxh5 Qe7 21. Qg4
Nf4 22. Qxg7 Kd7 23. Qxf7 Qxf7 24. Bxf7 Nxh5 25. Bxh5 Rxh5 26. Rd3 Rh4 27. Re3
Rf8 28. Rh2 Rff4 29. Kd2 Rxe4 30. Rxe4 Rxe4 31. h4 Rf4 32. h5 Rf7 33. h6 Rh7
34. Ke3 Ke6 35. f4 Kf6 36. fxe5+ Kxe5 37. Rh5+ Kf6 38. Kd4 Ke6 39. Ke4 a5 40.
a4 Ke7 41. Kd5 Kd7 42. c4 Kc7 43. Ke6 Kc6 44. b3 1-0

[Event "SR 2. liga A 2006/2007"]
[Site "?"]
[Date "2007.01.13"]
[Round "7.7"]
[White "Zacik, Anton"]
[Black "Hebelka, Milos"]
[Result "1/2-1/2"]
[WhiteElo "2084"]
[BlackElo "2093"]
[Annotator "Karol,Pospichal"]
[PlyCount "29"]
[EventDate "2006.??.??"]
[TimeControl "240+2"]

{89MB, Fritz8.ctg, KAIKO} 1. e4 e5 2. Nf3 Nc6 3. Bb5 a6 4. Bxc6 dxc6 5. O-O Bg4
6. h3 Bxf3 7. Qxf3 Qf6 8. Qxf6 Nxf6 9. d3 Bc5 10. Be3 Bxe3 11. fxe3 Ke7 12. Nd2
Nd7 13. d4 f6 14. c3 a5 15. b3 1/2-1/2

[Event "SR 2. liga A 2006/2007"]
[Site "?"]
[Date "2007.01.13"]
[Round "7.8"]
[White "Henc, Marian"]
[Black "Isa, Vlastimil"]
[Result "0-1"]
[WhiteElo "1924"]
[BlackElo "2032"]
[PlyCount "50"]
[EventDate "2006.??.??"]

1. Nf3 Nf6 2. g3 b6 3. Bg2 Bb7 4. c4 e6 5. Nc3 c5 6. d3 Be7 7. O-O Nc6 8. a3
O-O 9. Bd2 d5 10. Rb1 Qd7 11. Bf4 Rad8 12. Ne5 Nxe5 13. Bxe5 dxc4 14. dxc4 Bxg2
15. Qxd7 Nxd7 16. Bxg7 Kxg7 17. Kxg2 Ne5 18. b3 Nc6 19. g4 Rd4 20. h3 Rfd8 21.
Kg3 Bf6 22. Nb5 Rd2 23. g5 Bxg5 24. b4 cxb4 25. axb4 Be7 0-1